Catálogo
 En Linea

Le processus de la révolution démocratique populaire au Mozambique : (Registro nro. 41049)

Detalles MARC
000 -CABECERA
campo de control de longitud fija 00542nam a2200157 a 4500
001 - NÚMERO DE CONTROL
campo de control 000041559
005 - FECHA Y HORA DE LA ÚLTIMA TRANSACCIÓN
campo de control 20201002035635.0
008 - DATOS DE LONGITUD FIJA--INFORMACIÓN GENERAL
campo de control de longitud fija 131011s1977 gr ab 000 0 spa d
020 ## - NÚMERO INTERNACIONAL ESTÁNDAR DEL LIBRO
Número Internacional Estándar del Libro 2858020221
040 ## - FUENTE DE LA CATALOGACIÓN
Centro catalogador/agencia de origen DO-SdBNP
Lengua de catalogación sps
Centro/agencia transcriptor BNPHU
082 ## - NÚMERO DE LA CLASIFICACIÓN DECIMAL DEWEY
Número de clasificación xxx
Número de documento/Ítem M149L
100 1# - ENTRADA PRINCIPAL--NOMBRE DE PERSONA
Nombre de persona Machel, Samora,
Fechas asociadas al nombre 1933-1986.
9 (RLIN) 68301
245 13 - MENCIÓN DE TÍTULO
Título Le processus de la révolution démocratique populaire au Mozambique :
Resto del título textes du président du FRELIMO, 1970-1974 /
Mención de responsabilidad, etc. Samora Machel.
260 ## - PUBLICACIÓN, DISTRIBUCIÓN, ETC.
Lugar de publicación, distribución, etc. Paris :
Nombre del editor, distribuidor, etc. L'Harmattan,
Fecha de publicación, distribución, etc. 1977.
300 ## - DESCRIPCIÓN FÍSICA
Extensión 255 P. :
Otras características físicas ill., maps ;
Dimensiones 22 cm.
Existencias
Estado de retiro Estado de pérdida Restricciones de uso No para préstamo Código de colección Localización permanente Ubicación/localización actual Ubicación en estantería Fecha de adquisición Número de inventario Total de préstamos Signatura topográfica completa Código de barras Fecha visto por última vez Precio válido a partir de Tipo de ítem Koha
      Excluido de préstamo Monografías: Libros y Folletos General General En catalogación 11.10.2013 LF1   xxx M149L 41559-10 25.06.2020 25.06.2020 No se presta

Con tecnología Koha